Participación social: desarrollo urbano y comunitario /

Gespeichert in:
Bibliographische Detailangaben
1. Verfasser: Dávalos Domínguez, Roberto
Weitere Verfasser: comp Vázquez Penales, Aurora comp
Format: Text
Veröffentlicht: La Habana: Universidad de La Habana. Facultad de Filosofía e Historia. Departamento de Sociología
Schlagworte:
Tags: Tag hinzufügen
Keine Tags, Fügen Sie den ersten Tag hinzu!

MARC

LEADER 00000 a a2200000 04500
001 38437
003
040 |a CRAI/IIS  |c CRAI/IIS 
090 |a 0007 V335p  
100 |a Dávalos Domínguez, Roberto  
245 |a Participación social: desarrollo urbano y comunitario /  |c Roberto Dávalos Domínguez  
260 |a La Habana:   |b Universidad de La Habana. Facultad de Filosofía e Historia. Departamento de Sociología  
300 |a 245 p.  
650 |a PARTICIPACION SOCIAL  
650 |a CULTURA  
650 |a COMUNIDADES  
650 |a SOCIOLOGIA  
700 |a comp   |a Vázquez Penales, Aurora   |a comp  
999 |c 7132  |d 7132